000 00807nmm a2200253 a 4500
001 ocm0001256956
003 TR-IsHL
005 20201028160744.0
008 160715s2014 tu tur
007 cr cn
035 _a1256956
_b(N$T)
050 0 4 _aPL248.D87
_bV5 2014
090 0 4 _aPL248.D87
_bV5 2014
100 1 _aDurmuş, Hale Nur
245 1 0 _aVincent konağı
_h[electronic resource] /
_cHale Nur Durmuş
260 _aİstanbul :
_bKafekültür Yayıncılık,
_c2014
300 _a114 p.
650 4 _aDil ve Edebiyat
650 4 _aLanguage and Literature
650 0 _aTürk romanı
650 0 _aTurkish fiction
650 7 _aLITERARY COLLECTIONS / Middle Eastern
_2bisacsh
856 4 0 _uhttp://search.ebscohost.com/login.aspx?direct=true&scope=site&db=e011xww&AN=1256956
999 _c13766
_d13766